Neil of summerhill : the permanent rebel

Αποθηκεύτηκε σε:
Λεπτομέρειες βιβλιογραφικής εγγραφής
Κύριος συγγραφέας: Croall, Jonathan
Μορφή: Βιβλίο
Γλώσσα:English
Δημοσίευση: London : Ark paperbacks, 1983
Θέματα:
Ετικέτες: Προσθήκη ετικέτας
Δεν υπάρχουν, Καταχωρήστε ετικέτα πρώτοι!

MARC

LEADER 00000nam a2200000 i 4500
001 1/89383
008 960708s1983 eng d
020 |a 0-7448-0013-7 
035 |a 1987  |c Αγορά  |l 10035735 
040 |a GR-MY-UA  |b gre  |e aacr 
041 0 |a eng 
082 0 |a 370.924 
100 1 |a Croall, Jonathan. 
245 1 0 |a Neil of summerhill :  |b the permanent rebel /  |c Jonathan Croall 
260 |a London :   |b Ark paperbacks,   |c 1983 
300 |a 436 p. 
600 1 0 |a Neill, Alexander Sutherland,   |d 1883-1973. 
650 0 0 |a Educators  |z Great Britain  |x Biography. 
650 0 0 |a Free schools  |z Great Britain. 
852 |a INST  |b RHODES  |e 19960708  |h 370.924 CRO  |p 005400002838  |q 005400002838  |t BK  |y 0 
909 |a Ρ  |b 006916  |c 1987